Supernatural Characters by TV Tropes II Quiz Stats

 Plays Quiz not verified by Sporcle

Score 0/20 Timer 05:00
0 Plays Today
Tropes Character % Correct
Pop-Cultured Badass, Nerds Are Sexy, Playful HackerCharlie Bradbury
85.6%
Fangirl, Love Makes You Crazy, Stalker with a CrushBecky Rosen
82.6%
Badass In Charge, Cool Car, The Grim ReaperDeath
82.4%
Evil Matriarch, Hot Witch, Vain SorceressRowena
77.7%
Angel Unaware, Humans Are Special, Red Headed HeroineAnna Milton
75.9%
Meaningful Name, Mother of a Thousand Young, Woman in WhiteEve
71.5%
Chuck Cunningham Syndrome, In the Blood, Long-Lost RelativeAdam Milligan
64%
Badass Beard, Biblical Bad Guy, Last of His KindCain
62.3%
Karmic Transformation, Off with His Head!, Scary Black ManGordon Walker
54.8%
Deadpan Snarker, Heel Face Mole, Manipulative BitchRuby
54.8%
Tropes Character % Correct
Because Destiny Says So, The Dutiful Son, Sibling Yin-YangMichael
52.9%
Badass Adorable, Can't Hold His Liquor, Taking Up The MantleGarth Fitzgerald IV
48.6%
Cute Bruiser, Died in Your Arms Tonight, Pursuing Parental PerilsJo Harvelle
37%
Consummate Liar, Dragged Off to Hell, Smug SnakeBela Talbot
31.3%
British Accents, The Hedonist, Redemption Equals DeathBalthazar
31.2%
Kill Her with Fire, The Lost Lenore, Sacrificial LambJessica Moore
28.8%
Evil Brit, Faking the Dead, Last-Name BasisArthur Ketch
22.4%
Fantastic Racism, Jerkass, Slime BallZachariah
21.8%
Family of Choice, Supernatural Gold Eyes, Younger Than He LooksJack Kline
20.9%
Dead Person Impersonation, Good Wings, Evil Wings, Heel-Face Revolving DoorGadreel
20.6%

You're not logged in!

Compare scores with friends on all Sporcle quizzes.
OR
Log In

Sporcle TV

Today on Sporcle TV


Watch our educational content, quiz creation guides, and fun videos on Sporcle TV.

Show Comments

Extras

Top Quizzes Today


Score Distribution

Your Account Isn't Verified!

In order to create a playlist on Sporcle, you need to verify the email address you used during registration. Go to your Sporcle Settings to finish the process.

Report this User

Report this user for behavior that violates our Community Guidelines.

Details: